000 00470nam a2200181 i 4500
001 bg
100 1 _aJAnpo~;lskij, Avraam Ruvimovič.
245 0 _aRównania różniczkowe /
_cA.R. Janpolski, R.S. Guter.
260 _aWarszawa :
_bPWN,
_c1980.
300 _a331 s.
650 9 _aRównania różniczkowe
700 1 _aGuter, Rafail Samojlovič.
040 _cBPK
041 _apol
080 _a517.9
942 _cKS
008 s pl f |000 0 pol
999 _c19704
_d19704
856 _uhttp://koha.tu.koszalin.pl/cgi-bin/koha/opac-detail.pl?biblionumber=19704
_yKatalog online BPK